NCAAM Teams with 20 or more tournament bids - Statistics

General Stats
  • This quiz has been taken 65 times
  • The average score is 34 of 55
Answer Stats
Bids Team % Correct
44 Duke
100%
52 North Carolina
100%
50 Kansas
95%
59 Kentucky
91%
50 UCLA
91%
27 Michigan
88%
35 Michigan State
86%
36 Texas
84%
21 Florida
82%
40 Indiana
82%
24 Virginia
82%
31 Ohio State
80%
40 Villanova
77%
33 Oklahoma
75%
22 Alabama
73%
34 Arizona
73%
34 Connecticut
73%
32 Illinois
73%
25 North Carolina State
71%
41 Syracuse
70%
43 Louisville
68%
24 Tennessee
68%
26 Wisconsin
68%
31 Kansas State
66%
28 Maryland
66%
29 Oklahoma State
66%
24 Louisiana State
64%
30 West Virginia
64%
34 Arkansas
63%
23 Houston
63%
28 Iowa
63%
32 Purdue
63%
20 UNLV
61%
21 Iowa State
59%
27 Missouri
59%
31 Georgetown
57%
29 Utah
57%
23 Wake Forest
55%
30 BYU
52%
33 Cincinnati
52%
34 Marquette
52%
24 Creighton
46%
21 Memphis
46%
37 Notre Dame
46%
25 Princeton
45%
29 St John's
45%
21 Providence
43%
28 Xavier
43%
26 Pittsburgh
41%
33 Temple
39%
23 New Mexico State
34%
22 Utah State
30%
20 St Joseph's
16%
24 Pennsylvania
14%
22 Western Kentucky
9%
No matching quizzes found
Score Distribution
Percent of People with Each Score
Percentile by Number Answered
Your Score History
You have not taken this quiz